000 01343nam a2200337 a 4500
003 CHAP
005 20220329143535.0
008 100426s2009 mx a r 10000 spa d
010 _a98240
011 _a99212
020 _a9786074771930
035 _a109897
040 _cCHAP
082 0 0 _a079.72
_bC71 2007
111 2 _aColoquio la prensa como fuente para el análisis en las ciencias sociales(
_n4 :
_d2007 :
_cXalapa, Ver.)
_925439
245 1 3 _aLa prensa como fuente para el análisis en las ciencias sociales
_c/compilado por María Fernanda García de los Arcos ...[ét al.]
260 _aMéxico, D.F. :
_bUAM, Unidad Iztapalapa, División de Ciencias Sociales y Humanidades,
_c2009
300 _a528 p. :
_bilus., cuadros, gráfs.
590 _aBATCH-UPD
_b10
_c20130110
_lUCH01
_h0925
590 _aBATCH-UPD
_b10
_c20130410
_lUCH01
_h0546
590 _aBATCH-UPD
_b10
_c20130914
_lUCH01
_h0938
590 _aCONVERSION
_b10
_c20130109
_lUCH01
_h1354
650 1 4 _aCiencias sociales
_xInvestigación
_xCongresos.
_923227
650 1 4 _aPrensa
_xMéxico.
_991390
650 1 4 _aSociología
_xCongresos.
_9108198
650 1 4 _aSociología
_xInvestigación.
_9108204
700 1 _aGarcía de los Arcos, María Fernanda.
_945914
901 _aBK
942 _cLIBRO
949 _a079.72 C71
_bBC
_cLIBRO
_d33724002168090
_eLIBRO
_h112390
_i109897
_sb
999 _c98240
_d98240